| 000 | 01603nam a22003017a 4500 | ||
|---|---|---|---|
| 001 | 5086 | ||
| 003 | FISKH | ||
| 005 | 20241105142137.0 | ||
| 008 | 241105b cb ||||| |||| 00| 0 eng d | ||
| 020 | _a9780545316552 | ||
| 040 |
_aFISKH _beng _cFISKH _dFISKH |
||
| 050 | _aD736.R68 | ||
| 082 | _a940.53 | ||
| 100 | _aRosenberg, Aaron | ||
| 245 |
_aWorld War II : _bAdolf Hitler, Winston Churchill, Josef Stalin, Franklin D. Roosevelt, Hirohito, Dwight D. Eisenhower / _cby Aaron Rosenberg |
||
| 250 | _aFirst edition, August 2011 | ||
| 260 |
_aNew York : _bScholastic ; _c2011 . |
||
| 300 |
_a160 pages : _bcolro illustrations , maps ; _c20 cm . |
||
| 490 |
_aProfiles _vBook 2 |
||
| 505 | _aZ | ||
| 520 | _aBiography & Autobiography. Juvenile Nonfiction. HTML: Full-color series-six bios in one! It takes more than one person to bring about change and innovation. Find out how key players from yesterday and today influenced and interacted with each other during some of the world's most memorable periods. So much more than just your typical biography, Profiles focuses on six of the most prominent figures during World War II. This book includes all of the biographical information kids need to know (background, family, education, accomplishments, etc.) about FDR, Churchill, Eisenhower, Hitler, Stalin, and Hirohito. Photographs, maps, and quotes are interwoven throughout the text. | ||
| 521 | 8 |
_a940
_bLexile |
|
| 521 | 8 |
_aZ
_bRaz-Plus |
|
| 650 |
_abiography _vnon-fiction |
||
| 700 |
_aHoward, Dwayne _ePhoto Researcher |
||
| 942 |
_2ddc _cBK _n0 |
||
| 999 |
_c5086 _d5086 |
||